000 00726nam a2200241Ia 4500
008 100315s9999 xx 000 0 und d
020 _a0861889908 
040 _cENGLISH 
082 _b9128 
_a331.257 
100 _a"Godefroy, Chrisstian H, Clark, John "
245 _aThe Complete Time Management System
260 _aGREAT BRITAIN 
_bJudy Piatkus  
_c1990 
300 _a315 
365 _eRupees 
_d
_b0.00 
366 _f
505 _gVaibhav Gaikwad 
530 _bDonated By RBI Library  
620 _a"Time Management, RBI Book, "
630 _aThe Complete Time Management System
650 _aTIME MANAGEMENT 
730 _aThe Complete Time Management System
942 _cBOOK
999 _c483862
_d483859